000 00743nam a2200289Ia 4500
005 20260324124525.0
008 008 260324s9999 xx 000 0 eng d
020 _a9781003447009
037 _aEBOOK
040 _aCRL
040 _beng
040 _cCRL
041 _2eng
041 _aeng
084 _qCRL
100 _aRoman Graf; Kathleen Skubikowski; Catharine Wright; Julia Alvarez
_91174491
245 0 _aSocial Justice Education
245 0 _bInviting Faculty to Transform Their Institutions
260 _bTaylor and Francis
260 _c2010
365 _a
365 _b130
856 _uhttp://www.taylorfrancis.com/books/9781003447009
942 _cEBOOK
999 _c1768929
_d1768929